000 00663nam a2200277Ia 4500
005 20260324140212.0
008 008 260324s9999 xx 000 0 eng d
020 _a9780203007617
037 _aEBOOK
040 _aCRL
040 _beng
040 _cCRL
041 _2eng
041 _aeng
084 _qCRL
100 _aProfessor Jeremy Black; Jeremy Black
_91203420
245 0 _aBritain As A Military Power, 1688-1815
260 _bTaylor and Francis
260 _c1999
365 _a
365 _b230
856 _uhttp://www.taylorfrancis.com/books/9780203007617
942 _cEBOOK
999 _c1805328
_d1805328